Evaluación de impacto del proceso de alineamiento organizacional de la empresa ABC.S. A
La presente investigación describe el impacto de un proceso de alineamiento organizacional de una empresa dedicada a la administración, operación y mantenimiento de inmueble, con el fin de conocer este impacto se han elaborado análisis de los indicadores claves de desempeño, de resultados, así...
| Main Authors: | , |
|---|---|
| Other Authors: | |
| Format: | Tesis Section = Libro |
| Language: | Undetermined Spanish |
| Published: |
Managua
UNI
2015
|
| Subjects: |
| LEADER | 01225nam a2200265Ia 4500 | ||
|---|---|---|---|
| 008 | 240830s9999 xx 000 0 und d | ||
| 040 | |a BIBLIOTECA-RUSB/ M.Mon 658.402 G984 | ||
| 041 | |a spa | ||
| 082 | |a M.Mon 658.402 G984 | ||
| 100 | 1 | |a Gutiérrez Portobanco, Arlen Nadiaska | |
| 100 | 1 | |b Ordoñez Valle, Arturo José | |
| 245 | 1 | 0 | |a Evaluación de impacto del proceso de alineamiento organizacional de la empresa ABC.S. A |
| 260 | |a Managua |b UNI |c 2015 | ||
| 300 | |a 96 p. :il. | ||
| 500 | |a Contiene: anexos. | ||
| 502 | |a Tesis (Máster en Gestión Empresarial) - UNI, 2015. | ||
| 520 | 3 | |a La presente investigación describe el impacto de un proceso de alineamiento organizacional de una empresa dedicada a la administración, operación y mantenimiento de inmueble, con el fin de conocer este impacto se han elaborado análisis de los indicadores claves de desempeño, de resultados, así como un análisis de los estados financieros de la empresa. | |
| 650 | 7 | |a PLANIFICACION ESTRATEGICA | |
| 650 | 7 | |b ESTRUCTURA ORGANIZACIONAL | |
| 650 | 7 | |c DESCRIPCION DEL TRABAJO | |
| 650 | 7 | |d PLANEACION ADMINISTRATIVA | |
| 700 | 1 | |a Tutor: |b Reyes, Jerónimo | |
| 942 | |c BK |2 ddc | ||
| 991 | |a TESIS | ||
| 999 | |c 19412 | ||